Czy znasz tych youtuberów - Statystyki

Ogólne statystyki
  • Ten quiz został rozwiązany 304 razy
    269 od ostatniego zresetowania
  • Średni wynik to 13 z 31
Statystyki odpowiedzi
Hint Odpowiedź % Poprawnych
Zalożyła nowy team x 2 Natsu
82%
It,s a prank bro Marcin Dubiel
80%
Mały ale wariat Mini Majk
78%
H jest nieme Nitro
77%
Został wyrzucony z ekipy Mixer
70%
Pedofil Kamerzysta
67%
Pochodzi z Anglii, była w związku dubielem. Lexy
66%
Głowa biznesu ekipy Wujek Łuki
64%
Kiedyś układał klocki teraz jest potężnym włodarzem Boxdel
60%
Najpopularniejszy kanał kobiecy Wersow
60%
Komentuje paradokumenty Naruciak
57%
Największy polski crusher Kacper Blonsky
57%
Nie wbije nigdy 2mln subów Gimper
47%
Niedawno wbił 2mln subów nagrywa gta Kaluch
40%
Wyprzedziły go traktory xd Blowek
39%
Zebra która komentuje dramy Zebopl
38%
Byli w programie telewizyjnym Dance dance dance Fit Lovers
36%
Komentuje filmy i dramy na swoich streamach Mandzio
29%
Ma zakaz pokazywania twarzy na yt Rafonix
27%
Komentuje i ocenia piosenki youtuberów Yachuprodukcja
27%
Tego nikt się nie spodziewał!!! Mateusz Socha
24%
Mieszka w Japoni Krzysztof Gonciarz
23%
Para która miała dramę z narcyzem Psycho Couple
21%
Legenda yt obrażał youtuberów Rock
21%
Najpopularniejszy kanał scenkowy Abstrachujetv
20%
Miał dramę z sylwestrem wardęgą i był oskarżany o kupowanie wyświetleń Danny Ferreri
19%
Nagrywał garrys mod z panem na 1 pytaniu Bladii
17%
Prowadz real cast Theunboxall
14%
Ciekawostki o hodwoli ..... w domu Kamil in Travel
11%
Pozwał gargamela i wardęge do sądu Reżyser Życia
11%
Mówiono o nim w motelu polska Awięc
10%
Nie znaleziono quizów pasujących do podanych kryteriów
Rozkład punktacji
Procent ludzi z każdym wynikiem
Percentyl według liczby udzielonych odpowiedzi
Twoja historia wyników
Nie rozwiązałeś tego quizu od ostatniego zresetowania